[Event "FIN-chT1B 1112"]
[Site "Finland"]
[Date "2012.03.10"]
[Round "7.1"]
[White "Partanen, Juha"]
[Black "Yrjola, Jouni"]
[Result "0-1"]
[WhiteElo "2245"]
[BlackElo "2362"]
[PlyCount "110"]
[EventDate "2011.09.17"]
[EventType "team-tourn"]
[EventRounds "7"]
[EventCountry "FIN"]
[SourceTitle "EXT 2019"]
[Source "ChessBase"]
[SourceDate "2018.10.10"]
[SourceVersion "1"]
[SourceVersionDate "2018.10.10"]
[SourceQuality "1"]
[WhiteTeam "Helsinki HSK II"]
[BlackTeam "Helsinki KS 58"]
[WhiteTeamCountry "FIN"]
[BlackTeamCountry "FIN"]

1. d4 d6 2. c4 e5 3. dxe5 dxe5 4. Qxd8+ Kxd8 5. Nf3 f6 6. g3 Be6 7. b3 Nd7 8. Bg2 c6 9. 0-0 a5 10. Nc3 Kc7 11. Bb2 Nh6 12. Rac1 Nf7 13. Nd2 Nc5 14. Nde4 Nxe4 15. Bxe4 Rd8 16. Rfd1 Rxd1+ 17. Rxd1 Be7 18. Bg2 h5 19. Rc1 Bf5 20. Be4 Bxe4 21. Nxe4 Rd8 22. Bc3 f5 23. Nd2 Bb4 24. Nb1 Bxc3 25. Nxc3 e4 26. Rd1 Rxd1+ 27. Nxd1 Kd6 28. Ne3 g6 29. Nc2 Kc5 30. Kf1 Ne5 31. Ke1 b5 32. cxb5 cxb5 33. h4 Nc6 34. a3 Nd4 35. b4+ axb4 36. Nxb4 Kc4 37. e3 Nf3+ 38. Kd1 Kb3 39. Nc2 Kc3 40. Kc1 Kd3 41. Kd1 Kc3 42. Kc1 Nd2 43. Kd1 Nc4 44. Kc1 Kd3 45. Kd1 Nb2+ 46. Kc1 Na4 47. Nd4 Nc3 48. Kb2 Nd1+ 49. Kb3 Nxf2 50. Nxb5 Kxe3 51. a4 Nd3 52. a5 Nc5+ 53. Kc4 Na6 54. Nd4 Kf2 55. Kb5 Nb8 0-1

[Event "FIN-chT 1112"]
[Site "Finland"]
[Date "2012.02.12"]
[Round "9.6"]
[White "Partanen, Juha"]
[Black "Hentunen, Asko"]
[Result "0-1"]
[WhiteElo "2245"]
[BlackElo "2321"]
[PlyCount "56"]
[EventDate "2011.09.17"]
[EventType "team-tourn"]
[EventRounds "11"]
[EventCountry "FIN"]
[SourceTitle "EXT 2013"]
[Source "ChessBase"]
[SourceDate "2012.11.22"]
[SourceVersion "1"]
[SourceVersionDate "2012.11.22"]
[SourceQuality "1"]
[WhiteTeam "Helsinki HSK"]
[BlackTeam "Espoo"]
[WhiteTeamCountry "FIN"]
[BlackTeamCountry "FIN"]

1. d4 g6 2. c4 Bg7 3. Nc3 c5 4. d5 d6 5. Nf3 a6 6. e4 e6 7. Bd3 Ne7 8. 0-0 exd5 9. Nxd5 Nxd5 10. exd5 0-0 11. a4 Bg4 12. h3 Bxf3 13. Qxf3 Nd7 14. Be2 Re8 15. Ra2 f5 16. b3 Re4 17. Qg3 Be5 18. f4 Bd4+ 19. Kh2 Qf6 20. Bd3 Re7 21. Re1 Rae8 22. Rae2 Rxe2 23. Rxe2 Rxe2 24. Bxe2 Qe7 25. Bd3 Nf6 26. Qf3 Qe1 27. Qf1 Ng4+ 28. Kh1 Qg3 0-1

[Event "FIN-chT1B 1011"]
[Site "Finland"]
[Date "2011.01.22"]
[Round "6.2"]
[White "Eklund, Kari"]
[Black "Partanen, Juha"]
[Result "0-1"]
[WhiteElo "2171"]
[BlackElo "2259"]
[PlyCount "80"]
[EventDate "2010.09.18"]
[EventType "team-tourn"]
[EventRounds "9"]
[EventCountry "FIN"]
[SourceTitle "EXT 2022"]
[Source "ChessBase"]
[SourceDate "2021.10.06"]
[SourceVersion "1"]
[SourceVersionDate "2021.10.06"]
[SourceQuality "1"]
[WhiteTeam "Vantaa Remi"]
[BlackTeam "Helsinki HSK II"]
[WhiteTeamCountry "FIN"]
[BlackTeamCountry "FIN"]

1. e4 c6 2. Nf3 d5 3. Nc3 dxe4 4. Nxe4 Nf6 5. Nxf6+ gxf6 6. Bc4 Bf5 7. d4 Qc7 8. 0-0 Nd7 9. Nh4 Bg6 10. c3 e6 11. b4 Bd6 12. g3 0-0-0 13. Qf3 Rhg8 14. Rd1 Bc2 15. Re1 f5 16. Qe2 Be4 17. Ng2 Nb6 18. f3 Bd5 19. Bd3 Bxg3 20. hxg3 Rxg3 21. Qe5 Qxe5 22. dxe5 Rdg8 23. Bf1 Bxf3 24. Re3 Rxg2+ 25. Bxg2 Rxg2+ 26. Kf1 Bd5 27. Rh3 Rg7 28. Kf2 Nd7 29. Bf4 Rg4 30. Be3 Nxe5 31. Bxa7 Rg7 32. Rg1 Ng4+ 33. Ke1 e5 34. Rh5 Be6 35. a4 f6 36. Rh6 Rd7 37. Rh3 b5 38. Bc5 bxa4 39. Ke2 Bc4+ 40. Kf3 Rd3+ 0-1

[Event "FIN-chT 1011"]
[Site "Finland"]
[Date "2010.09.18"]
[Round "1.8"]
[White "Salo, Heikki"]
[Black "Partanen, Juha"]
[Result "1-0"]
[WhiteElo "2254"]
[BlackElo "2259"]
[PlyCount "165"]
[EventDate "2010.09.18"]
[EventType "team-tourn"]
[EventRounds "9"]
[EventCountry "FIN"]
[SourceTitle "EXT 2012"]
[Source "ChessBase"]
[SourceDate "2011.11.24"]
[SourceVersion "1"]
[SourceVersionDate "2011.11.24"]
[SourceQuality "1"]
[WhiteTeam "Etela Vantaan"]
[BlackTeam "Helsinki SSK"]
[WhiteTeamCountry "FIN"]
[BlackTeamCountry "FIN"]

1. d4 f5 2. g3 Nf6 3. Bg2 e6 4. Nh3 Be7 5. 0-0 0-0 6. b3 Qe8 7. Bb2 d5 8. c4 c6 9. Nd2 Bd6 10. Nf4 Bxf4 11. gxf4 Nbd7 12. Ba3 Rf7 13. e3 Nf8 14. Nf3 Qd8 15. Ne5 Rc7 16. Rc1 Bd7 17. Qc2 Rcc8 18. Qb2 Be8 19. Bxf8 Kxf8 20. b4 Kg8 21. Rc2 Rc7 22. Rfc1 Re7 23. Qb3 Nd7 24. Nd3 Nb6 25. Ne5 Nd7 26. cxd5 exd5 27. b5 Nxe5 28. fxe5 Kh8 29. Rc5 Re6 30. f4 Rh6 31. Qc2 Qh4 32. h3 Bd7 33. Kh2 Rg6 34. Qe2 Qg3+ 35. Kh1 Re8 36. bxc6 bxc6 37. Rb1 Rh6 38. Rc3 Rg8 39. Rcb3 g5 40. fxg5 Qxg5 41. Qf3 Rh4 42. Rb8 Bc8 43. Rf1 f4 44. exf4 Rxf4 45. Qe2 Rxd4 46. Rb2 Rh4 47. e6 Rh6 48. Rf3 Bxe6 49. Qf2 Qc1+ 50. Kh2 Qg5 51. Rb7 Qe5+ 52. Kh1 d4 53. Rf8 Bd5 54. Rxg8+ Kxg8 55. Bxd5+ Qxd5+ 56. Qg2+ Qxg2+ 57. Kxg2 Rd6 58. Kf1 c5 59. Rc7 Rd5 60. Ke2 d3+ 61. Kd2 a5 62. Ra7 c4 63. Rc7 Rd4 64. a4 h5 65. Rc5 h4 66. Rc7 Kh8 67. Rc5 Kh7 68. Kd1 Kg6 69. Rxa5 Rf4 70. Rc5 Rf1+ 71. Kd2 Rf2+ 72. Kd1 Rc2 73. a5 c3 74. a6 Rh2 75. Rxc3 Rxh3 76. Ra3 Rf3 77. a7 Rf8 78. a8Q Rxa8 79. Rxa8 Kf5 80. Kd2 h3 81. Kxd3 Kf4 82. Ke2 Kg3 83. Kf1 1-0

[Event "FIN-chT 0102"]
[Site "Finland"]
[Date "2001.11.17"]
[Round "4.7"]
[White "Partanen, Juha"]
[Black "Fieandt, John"]
[Result "0-1"]
[WhiteElo "2259"]
[BlackElo "2190"]
[PlyCount "58"]
[EventDate "2001.09.21"]
[EventType "team-tourn"]
[EventRounds "9"]
[EventCountry "FIN"]
[SourceTitle "EXT 2022"]
[Source "ChessBase"]
[SourceDate "2021.10.06"]
[SourceVersion "1"]
[SourceVersionDate "2021.10.06"]
[SourceQuality "1"]
[WhiteTeam "Jyvaskyla JyS"]
[BlackTeam "Helsinki HSK"]
[WhiteTeamCountry "FIN"]
[BlackTeamCountry "FIN"]

1. Nf3 Nf6 2. g3 g6 3. Bg2 Bg7 4. 0-0 0-0 5. d4 d6 6. Nc3 Nc6 7. e4 Bg4 8. h3 Bxf3 9. Bxf3 e5 10. dxe5 Nxe5 11. Bg2 c6 12. Rb1 Re8 13. Kh2 Qa5 14. b4 Qc7 15. Bb2 Nc4 16. Ba1 b5 17. Qd3 Ne5 18. Qd1 Rad8 19. Re1 h5 20. Qc1 Bh6 21. f4 h4 22. g4 d5 23. Kh1 Nexg4 24. hxg4 Bxf4 25. Qd1 dxe4 26. Qe2 Rd2 27. Qf1 h3 28. Ne2 hxg2+ 29. Qxg2 Be5 0-1

[Event "FIN-chT 9900"]
[Site "Finland"]
[Date "2000.??.??"]
[Round "7.4"]
[White "Partanen, Juha"]
[Black "Kallio, Heikki"]
[Result "1/2-1/2"]
[WhiteElo "2293"]
[BlackElo "2360"]
[PlyCount "49"]
[EventDate "1999.??.??"]
[EventType "team-tourn"]
[EventRounds "9"]
[EventCountry "FIN"]
[SourceTitle "EXT 2001"]
[Source "ChessBase"]
[SourceDate "2000.11.22"]
[SourceVersion "1"]
[SourceVersionDate "2000.11.22"]
[SourceQuality "1"]
[WhiteTeam "Jyvaskyla JyS"]
[BlackTeam "Helsinki Garde"]
[WhiteTeamCountry "FIN"]
[BlackTeamCountry "FIN"]

1. Nf3 c5 2. c4 Nc6 3. Nc3 e6 4. e3 d5 5. d4 Nf6 6. a3 a6 7. dxc5 Bxc5 8. b4 Ba7 9. Bb2 0-0 10. Be2 d4 11. exd4 Nxd4 12. 0-0 e5 13. c5 Re8 14. Nxd4 exd4 15. Nb1 Bb8 16. Bxd4 Ne4 17. Nc3 Bh3 18. f4 Bf5 19. Bf3 Bc7 20. Nxe4 Bxe4 21. g3 b6 22. Rc1 Bxf3 23. Rxf3 bxc5 24. Bxc5 Qf6 25. Rd3 1/2-1/2

[Event "FIN-chT"]
[Site "Finland"]
[Date "1992.??.??"]
[Round "?"]
[White "Raisa, Unto"]
[Black "Partanen, Juha"]
[Result "1/2-1/2"]
[WhiteElo "2270"]
[BlackElo "2285"]
[PlyCount "45"]
[EventDate "1992.??.??"]
[EventType "team"]
[EventRounds "8"]
[EventCountry "FIN"]
[SourceTitle "EXT 2000"]
[Source "ChessBase"]
[SourceDate "1999.11.16"]
[SourceVersion "1"]
[SourceVersionDate "1999.11.16"]
[SourceQuality "1"]

1. Nf3 f5 2. g3 Nf6 3. Bg2 e6 4. c4 Be7 5. 0-0 0-0 6. Nc3 c6 7. d4 d5 8. b3 Qe8 9. Ne5 Nbd7 10. Nd3 b6 11. Bb2 Ba6 12. cxd5 exd5 13. e3 Ne4 14. Ne2 Bd6 15. Re1 Ndf6 16. f3 Ng5 17. Nc3 Qh5 18. Nf2 Rae8 19. f4 Qxd1 20. Raxd1 Nf7 21. a3 Bb8 22. Nd3 Bxd3 23. Rxd3 1/2-1/2

[Event "FIN-chT"]
[Site "Finland"]
[Date "1990.??.??"]
[Round "?"]
[White "Partanen, Juha"]
[Black "Lauren, Martti"]
[Result "1/2-1/2"]
[WhiteElo "2285"]
[BlackElo "2285"]
[PlyCount "85"]
[EventDate "1990.??.??"]
[EventType "team"]
[EventRounds "11"]
[EventCountry "FIN"]
[SourceTitle "EXT 1997"]
[Source "ChessBase"]
[SourceDate "1996.11.15"]
[SourceVersion "1"]
[SourceVersionDate "1996.11.15"]
[SourceQuality "1"]

1. Nf3 c5 2. c4 g6 3. Nc3 Bg7 4. g3 e5 5. Bg2 Ne7 6. 0-0 0-0 7. d3 d6 8. Rb1 Nbc6 9. a3 a5 10. Ne1 Be6 11. Nd5 Rb8 12. Bg5 f6 13. Bd2 b5 14. Nc2 Kh8 15. Nce3 f5 16. Nxe7 Nxe7 17. Nd5 Nxd5 18. cxd5 Bd7 19. b4 cxb4 20. axb4 a4 21. Bc3 f4 22. Rc1 Qb6 23. Qd2 Kg8 24. Ba1 Rf7 25. Rc2 Rbf8 26. gxf4 Rxf4 27. e3 R4f7 28. Rfc1 Bh6 29. d4 e4 30. Bxe4 Qd8 31. Rf1 Bh3 32. Bg2 Bxg2 33. Kxg2 Qg5+ 34. Kh1 Qxd5+ 35. Kg1 Qg5+ 36. Kh1 Qd5+ 37. Kg1 Qe4 38. f4 Re8 39. Rc3 d5 40. Qd3 Bf8 41. Qxb5 g5 42. Qxa4 gxf4 43. exf4 1/2-1/2

[Event "FIN-ch"]
[Site "Tampere"]
[Date "1989.??.??"]
[Round "?"]
[White "Koskinen, Henri"]
[Black "Partanen, Juha"]
[Result "0-1"]
[WhiteElo "2270"]
[BlackElo "2250"]
[PlyCount "74"]
[EventDate "1989.??.??"]
[EventType "tourn"]
[EventRounds "12"]
[EventCountry "FIN"]
[EventCategory "1"]
[SourceTitle "EXT 1999"]
[Source "ChessBase"]
[SourceDate "1998.11.16"]
[SourceVersion "1"]
[SourceVersionDate "1998.11.16"]
[SourceQuality "1"]

1. d4 f5 2. g3 Nf6 3. Bg2 e6 4. c4 Be7 5. b3 0-0 6. Nf3 d5 7. 0-0 c6 8. Ba3 Nbd7 9. Qc1 Re8 10. Bxe7 Rxe7 11. Qf4 b6 12. cxd5 Nxd5 13. Qd6 Ba6 14. Re1 c5 15. e4 Nb4 16. Na3 Rc8 17. dxc5 Nd3 18. Re3 fxe4 19. Nd4 Qf8 20. Rf1 N7xc5 21. Nc6 Rd7 22. Qxf8+ Kxf8 23. b4 Rxc6 24. bxc5 Nxc5 25. Rc1 Rcd6 26. h4 Rd2 27. Rc2 Rd1+ 28. Kh2 Bd3 29. Rb2 Rf7 30. Bh3 b5 31. Nxb5 Bxb5 32. Rxb5 Rxf2+ 33. Bg2 Nd3 34. Rxe4 Rdd2 35. Rb8+ Ke7 36. Rb7+ Kf6 37. Kh3 Rxg2 0-1

[Event "FIN-chT"]
[Site "Finland"]
[Date "1989.??.??"]
[Round "?"]
[White "Kujala, Auvo"]
[Black "Partanen, Juha"]
[Result "0-1"]
[WhiteElo "2285"]
[BlackElo "2250"]
[PlyCount "65"]
[EventDate "1989.??.??"]
[EventType "team"]
[EventRounds "10"]
[EventCountry "FIN"]
[SourceTitle "EXT 1997"]
[Source "ChessBase"]
[SourceDate "1996.11.15"]
[SourceVersion "1"]
[SourceVersionDate "1996.11.15"]
[SourceQuality "1"]

1. e4 c6 2. d4 d5 3. exd5 cxd5 4. c4 Nf6 5. Nc3 Nc6 6. Nf3 Bg4 7. cxd5 Nxd5 8. Qb3 Bxf3 9. gxf3 Nb6 10. d5 Nd4 11. Qd1 e5 12. dxe6 fxe6 13. Be3 Bc5 14. b4 Qf6 15. bxc5 Nxf3+ 16. Ke2 0-0 17. cxb6 Rad8 18. Qc1 Qf5 19. Qb1 Qh5 20. bxa7 Nd2+ 21. Ke1 Nxb1 22. Rxb1 Qa5 23. Rb3 Rc8 24. Kd2 Rxc3 25. Rxc3 Qd5+ 26. Bd3 Qxh1 27. Bf4 Qa1 28. Rc2 Qd4 29. Be3 Rxf2+ 30. Bxf2 Qxf2+ 31. Kd1 Qxa7 32. Rc8+ Kf7 33. Bxh7 0-1

[Event "FIN-chT"]
[Site "Finland"]
[Date "1989.??.??"]
[Round "?"]
[White "Partanen, Juha"]
[Black "Paavilainen, Jorma"]
[Result "0-1"]
[WhiteElo "2250"]
[BlackElo "2280"]
[PlyCount "100"]
[EventDate "1989.??.??"]
[EventType "team"]
[EventRounds "10"]
[EventCountry "FIN"]
[SourceTitle "EXT 1997"]
[Source "ChessBase"]
[SourceDate "1996.11.15"]
[SourceVersion "1"]
[SourceVersionDate "1996.11.15"]
[SourceQuality "1"]

1. d4 d5 2. Nc3 Nf6 3. Bg5 Nbd7 4. e4 dxe4 5. Qe2 e6 6. Nxe4 Be7 7. Nf3 Nxe4 8. Bxe7 Qxe7 9. Qxe4 Qb4+ 10. Nd2 Nf6 11. Qd3 Qxb2 12. Rb1 Qxa2 13. c4 0-0 14. Be2 Rd8 15. 0-0 Qa6 16. Qe3 Qd6 17. Nf3 b6 18. Rfd1 Bb7 19. Ne5 Be4 20. Rb2 c5 21. Rbd2 Qc7 22. Nf3 Bb7 23. h3 h6 24. Rb1 Bxf3 25. Bxf3 cxd4 26. Rxd4 Rxd4 27. Qxd4 Rd8 28. Qa1 Rd2 29. Qc3 Qd6 30. Ra1 Qd4 31. Qxd4 Rxd4 32. Rxa7 Rxc4 33. Ra8+ Kh7 34. Rb8 Rb4 35. Rb7 Kg6 36. Bc6 h5 37. g3 h4 38. g4 Nh7 39. Kg2 Ng5 40. Rb8 Kh7 41. Be8 Rb3 42. Ba4 Rxh3 43. Rxb6 Rf3 44. Bc2+ g6 45. Bd1 h3+ 46. Kg1 h2+ 47. Kxh2 Rxf2+ 48. Kg3 Ne4+ 49. Kh3 Rd2 50. Bf3 Ng5+ 0-1

[Event "FIN-chT"]
[Site "Finland"]
[Date "1989.??.??"]
[Round "?"]
[White "Partanen, Juha"]
[Black "Pyhala, Antti"]
[Result "1/2-1/2"]
[WhiteElo "2250"]
[BlackElo "2385"]
[PlyCount "122"]
[EventDate "1989.??.??"]
[EventType "team"]
[EventRounds "10"]
[EventCountry "FIN"]
[SourceTitle "EXT 1997"]
[Source "ChessBase"]
[SourceDate "1996.11.15"]
[SourceVersion "1"]
[SourceVersionDate "1996.11.15"]
[SourceQuality "1"]

1. d4 Nf6 2. c4 g6 3. Nc3 d5 4. Nf3 Bg7 5. cxd5 Nxd5 6. Bd2 0-0 7. Rc1 Nb6 8. Bg5 Nc6 9. e3 a5 10. Bb5 Bd7 11. 0-0 Qe8 12. Bf4 Rc8 13. Bg3 a4 14. Nxa4 Nxa4 15. Bxa4 e5 16. dxe5 Rd8 17. Bh4 Nxe5 18. Bxd8 Bxa4 19. b3 Bc6 20. Bxc7 Nxf3+ 21. gxf3 Qc8 22. Bg3 h5 23. Qe2 g5 24. e4 h4 25. Bd6 Re8 26. Rc5 Re6 27. Rd1 Rg6 28. Be5 g4 29. f4 b6 30. Rc3 g3 31. fxg3 Bxe5 32. fxe5 Qh3 33. Rd6 Bb7 34. Rxg6+ fxg6 35. e6 hxg3 36. hxg3 Qh8 37. Qd2 Qf6 38. Qd3 Ba6 39. Qxa6 Qxc3 40. Qa8+ Kg7 41. Qb7+ Kh6 42. Kg2 Qd2+ 43. Kh3 Qe2 44. Qxb6 Qxe4 45. Qd6 Kh5 46. Qd1+ Kh6 47. Qc1+ Kh5 48. Qd1+ Kh6 49. a4 Qxe6+ 50. Kh2 Qe3 51. b4 Qf2+ 52. Kh3 Qf5+ 53. g4 Qf4 54. b5 Qe3+ 55. Kg2 Kg5 56. Qf3 Qd2+ 57. Kh3 Qd4 58. Qg3 Qh8+ 59. Kg2 Qa8+ 60. Kh3 Qh8+ 61. Kg2 Qa8+ 1/2-1/2

[Event "FIN-ch"]
[Site "Tampere"]
[Date "1989.??.??"]
[Round "?"]
[White "Sorri, Kari Juhani"]
[Black "Partanen, Juha"]
[Result "1/2-1/2"]
[WhiteElo "2260"]
[BlackElo "2250"]
[PlyCount "104"]
[EventDate "1989.??.??"]
[EventType "tourn"]
[EventRounds "12"]
[EventCountry "FIN"]
[EventCategory "1"]
[SourceTitle "EXT 1999"]
[Source "ChessBase"]
[SourceDate "1998.11.16"]
[SourceVersion "1"]
[SourceVersionDate "1998.11.16"]
[SourceQuality "1"]

1. d4 f5 2. Bg5 Nf6 3. Bxf6 exf6 4. e3 Nc6 5. a3 g6 6. h4 h5 7. Nh3 Bh6 8. Qf3 Qe7 9. Be2 Qf7 10. Nc3 d6 11. Nf4 Bd7 12. g3 0-0-0 13. Qg2 Rde8 14. 0-0-0 Kb8 15. Bf3 Nd8 16. d5 Qg7 17. Kb1 Nf7 18. Be2 Ne5 19. Bb5 Bxf4 20. gxf4 Ng4 21. Rd3 Rhg8 22. Qf1 Qf7 23. Bc4 Rg7 24. Rd4 Rh8 25. Bb3 Qe8 26. Qe2 g5 27. Rb4 Qc8 28. f3 Nh6 29. fxg5 fxg5 30. hxg5 Rxg5 31. f4 Rg3 32. Rxh5 Ng4 33. Rxh8 Qxh8 34. Qa6 Bc8 35. Qa4 Nxe3 36. Nb5 a6 37. Nd4 Ka8 38. Ka2 Rg1 39. Qa5 b6 40. Qa4 Bb7 41. Ne6 Nxd5 42. Rd4 Qh1 43. Qxa6+ Bxa6 44. Bxd5+ Qxd5+ 45. Rxd5 Bc4+ 46. b3 Bxd5 47. Nxc7+ Kb7 48. Nxd5 Re1 49. Kb2 Re4 50. a4 Rd4 51. c4 Re4 52. Kc3 Re1 1/2-1/2

[Event "FIN-ch"]
[Site "Helsinki"]
[Date "1988.??.??"]
[Round "9"]
[White "Paavilainen, Jorma"]
[Black "Partanen, Juha"]
[Result "1/2-1/2"]
[WhiteElo "2285"]
[BlackElo "2250"]
[PlyCount "61"]
[EventDate "1988.??.??"]
[EventType "tourn"]
[EventRounds "15"]
[EventCountry "FIN"]
[EventCategory "3"]
[SourceTitle "EXT 1997"]
[Source "ChessBase"]
[SourceDate "1996.11.15"]
[SourceVersion "1"]
[SourceVersionDate "1996.11.15"]
[SourceQuality "1"]

1. e4 c6 2. d4 d5 3. exd5 cxd5 4. Bd3 Nc6 5. c3 Nf6 6. Bf4 Bg4 7. Qb3 Qc8 8. Nd2 e6 9. Ngf3 Be7 10. Ne5 Bh5 11. Ndf3 0-0 12. 0-0 Nd7 13. Rae1 Ndxe5 14. Nxe5 Nxe5 15. Rxe5 Bg6 16. Bxg6 hxg6 17. Bg3 Qc6 18. h4 b5 19. Qd1 b4 20. h5 bxc3 21. bxc3 gxh5 22. Rxh5 g6 23. Rh3 Kg7 24. Qg4 Rh8 25. Be5+ f6 26. Bf4 Rxh3 27. Qxh3 Rh8 28. Qe3 Kf7 29. Re1 Ba3 30. Qf3 Be7 31. Qe3 1/2-1/2

[Event "FIN-ch"]
[Site "Helsinki"]
[Date "1988.??.??"]
[Round "1"]
[White "Partanen, Juha"]
[Black "Pyhala, Antti"]
[Result "0-1"]
[WhiteElo "2250"]
[BlackElo "2360"]
[PlyCount "104"]
[EventDate "1988.??.??"]
[EventType "tourn"]
[EventRounds "15"]
[EventCountry "FIN"]
[EventCategory "3"]
[SourceTitle "EXT 1997"]
[Source "ChessBase"]
[SourceDate "1996.11.15"]
[SourceVersion "1"]
[SourceVersionDate "1996.11.15"]
[SourceQuality "1"]

1. d4 f5 2. Nc3 d5 3. Nf3 e6 4. Bg5 Nf6 5. e3 a6 6. Ne5 c5 7. Be2 Nbd7 8. 0-0 Bd6 9. f4 0-0 10. a4 Qb6 11. a5 Qd8 12. Na4 cxd4 13. exd4 Qxa5 14. Nc5 Qb6 15. b4 Qxb4 16. Rb1 Qxd4+ 17. Qxd4 Bxc5 18. c3 Bxd4+ 19. cxd4 Nxe5 20. fxe5 Ne4 21. Bc1 Nc3 22. Rb2 b5 23. Bd3 Bd7 24. Rb3 Rfc8 25. Bd2 Ne4 26. Ba5 Rc6 27. h4 Rac8 28. Rbb1 Be8 29. Kh2 Bg6 30. Bb4 Nc3 31. Rbc1 f4 32. Bxg6 hxg6 33. Rxf4 Rc4 34. Bxc3 Rxc3 35. Ra1 Ra8 36. Rg4 Kh7 37. Rf1 Rc7 38. Rg5 b4 39. Rf3 a5 40. h5 gxh5 41. Rxh5+ Kg6 42. Rh4 a4 43. Rg3+ Kf7 44. Rh7 Rg8 45. Rf3+ Ke7 46. Kg3 Rc3 47. Rxc3 bxc3 48. Kf2 c2 49. Rh1 Rc8 50. Rc1 a3 51. Ke3 a2 52. Kd2 Rc4 0-1

[Event "Jyvaskyla"]
[Site "Jyvaskyla"]
[Date "1987.??.??"]
[Round "?"]
[White "Kivisto, Mikko"]
[Black "Partanen, Juha"]
[Result "1/2-1/2"]
[WhiteElo "2355"]
[BlackElo "2220"]
[PlyCount "40"]
[EventDate "1987.??.??"]
[EventType "tourn"]
[EventRounds "13"]
[EventCountry "FIN"]
[EventCategory "1"]
[SourceTitle "EXT 1997"]
[Source "ChessBase"]
[SourceDate "1996.11.15"]
[SourceVersion "1"]
[SourceVersionDate "1996.11.15"]
[SourceQuality "1"]

1. e4 c6 2. d4 d5 3. e5 c5 4. dxc5 Nc6 5. Nf3 Bg4 6. Be3 e6 7. Bb5 Qa5+ 8. Nc3 Nge7 9. a3 Nf5 10. b4 Qc7 11. Bf4 g5 12. Bd2 Bxf3 13. Qxf3 Qxe5+ 14. Kf1 Nfd4 15. Qd3 Nxb5 16. Qxb5 0-0-0 17. Re1 Qd4 18. Qd3 Be7 19. Nb5 Qxd3+ 20. cxd3 Kd7 1/2-1/2

[Event "Jyvaskyla"]
[Site "Jyvaskyla"]
[Date "1987.??.??"]
[Round "?"]
[White "Partanen, Juha"]
[Black "Koskinen, Henri"]
[Result "1/2-1/2"]
[WhiteElo "2220"]
[BlackElo "2240"]
[PlyCount "110"]
[EventDate "1987.??.??"]
[EventType "tourn"]
[EventRounds "13"]
[EventCountry "FIN"]
[EventCategory "1"]
[SourceTitle "EXT 1997"]
[Source "ChessBase"]
[SourceDate "1996.11.15"]
[SourceVersion "1"]
[SourceVersionDate "1996.11.15"]
[SourceQuality "1"]

1. d4 e6 2. c4 f5 3. g3 Nf6 4. Bg2 d5 5. Nh3 Be7 6. 0-0 0-0 7. b3 c6 8. Bb2 b6 9. Nd2 Na6 10. Rc1 Qe8 11. Nf4 Bd6 12. e3 Bd7 13. Qe2 Nc7 14. Nd3 Ne4 15. Nf3 Qh5 16. Rfe1 Rf6 17. Nfe5 Qe8 18. f3 Ng5 19. Qc2 Rf8 20. Nxd7 Qxd7 21. c5 bxc5 22. Nxc5 Bxc5 23. Qxc5 Na6 24. Qxc6 Qxc6 25. Rxc6 Nb4 26. Rd6 Rfd8 27. Rxd8+ Rxd8 28. a3 Nd3 29. Re2 Rb8 30. b4 a5 31. h4 Nf7 32. Rd2 Nxb2 33. Rxb2 Nd6 34. Bf1 Nc4 35. Bxc4 dxc4 36. Kg2 c3 37. Rc2 axb4 38. axb4 Rxb4 39. Rxc3 Rb2+ 40. Kh3 Rf2 41. Rd3 Kf7 42. e4 fxe4 43. fxe4 Re2 44. d5 Rxe4 45. d6 Ke8 46. d7+ Kd8 47. Rf3 Rd4 48. Rf8+ Kxd7 49. Rf7+ Kc6 50. Rxg7 h5 51. Rg5 Rd5 52. g4 Rd3+ 53. Kg2 hxg4 54. Rxg4 Kd7 55. h5 Ke7 1/2-1/2